000 00619nam a2200205Ia 4500
003 GCL
008 140319s9999 xx 000 0 ara d
040 _aGCL /
_cGCL
082 0 4 _a910.927
_bش ج
100 1 _aشاكر خصباك
245 1 0 _aالجغرافية عند العرب /
_cشاكر خصباك
300 _a140 ص
490 _aموسوعة الحضارة العربية الاسلامية
_v0
650 0 4 _aالجغرافيا
650 0 4 _aالجغرافيا الفلكية
650 0 4 _aقارة اوربا
650 0 4 _aقارة اسيا
650 0 4 _aقارة افريقيا
942 _2ddc
_cBK
999 _c48180
_d48180